000
00328nam a2200133Ia 4500
008
240624s9999 xx 000 0 und d
041
_a
eng
082
_a
005.133 DEV
100
_a
VRIES ANDRIE DE
245
_a
R PROGRAMMING FOR DUMMIES
260
_c
2014
_a
New Delhi
_b
Wiley
300
_a
387 , p. , 28 : cm.
365
_c
RS
_b
33
999
_c
26411
_d
26411